Universities by Coat of Arms - Statistics

General Stats
  • This quiz has been taken 54 times
  • The average score is 7 of 12
Answer Stats
Picture Answer % Correct
University of Oxford
88%
Harvard University
84%
University of Cambridge
84%
Peking University
78%
Yale University
71%
University of Geneva
65%
Princeton University
53%
University of Paris
41%
Imperial College London
39%
University of Pennsylvania
35%
University College London
33%
University of Tokyo
20%
No matching quizzes found
Score Distribution
Percent of People with Each Score
Percentile by Number Answered
Your Score History
You have not taken this quiz